ბათუმის შოთა რუსთაველის სახელმწიფო უნივერსიტეტის ბიბლიოთეკა

რკინაბეტონი ნაწ.1 / (ბიბ.ჩანაწერი № 38788)

000 -ლიდერი
ფიქსირებული სიგრძის საკონტროლო ველი 00835nam a2200205Ia 4500
003 - საკონტროლო ნომრის იდენტიფიკატორი
საკონტროლო ველი Ge_BSU
005 - ბოლო ოპერაციის თარიღი და დრო
საკონტროლო ველი 20190502111543.0
008 - ფიქსირებული სიგრძის მონაცემთა ელემენტები - ზოგადი ინფორმაცია
ფიქსირებული სიგრძის საკონტროლო ველი 181216s1960||||ge |||||||||||||| ||geo||
041 ## - ენის კოდი
Language code of text/sound track or separate title geo
080 ## - უნივერსალური ათობითი კლასიფიკაციის ინდექსი
Universal Decimal Classification number 666.98 წ-86
100 ## - მთავარი ჩანაწერი - პიროვნების სახელი
Personal name წულეისკირი, მ.ი.
9 (RLIN) 627
245 ## - ცნობა სათაურის შესახებ
Title რკინაბეტონი ნაწ.1 /
Statement of responsibility, etc მ. ი. წულეისკირი ; რედ. ა.კაკუშაძე, დ.დოლიძე.
264 ## - წარმოების, გამოცემის, დისტრიბუციის და სხვა ცნობები
გამოცემის, წარმოების, დისტრიბუციის... ადგილი თბილისი :
გამოცემის, წარმოების, დისტრიბუციის... სახელწოდება სპი,
გამოცემის, წარმოების, დისტრიბუციის... თარიღი 1960.
300 ## - ფიზიკური აღწერა
Extent 348 გვ. ;
Dimensions 22 სმ.
504 ## - BIBLIOGRAPHY, ETC. NOTE
Bibliography, etc ბიბლიოგრ. : გვ.343-344.
653 ## - INDEX TERM--UNCONTROLLED
Uncontrolled term რკინაბეტონი
700 ## - ADDED ENTRY--PERSONAL NAME
Personal name კაკუშაძე, ა.
Relator term რედაქტორი
9 (RLIN) 621
700 ## - ADDED ENTRY--PERSONAL NAME
Personal name დოლიძე, დ.
Relator term რედაქტორი
9 (RLIN) 452
942 ## - ADDED ENTRY ELEMENTS (KOHA)
Koha item type წიგნი
Source of classification or shelving scheme
ეგზემპლარები
ჩამოწერის სტატუსი დაკარგული ეგზემპლარის სტატუსი კლასიფიკაციის წყარო ან თაროზე გაწყობის სქემა დაზიანების სტატუსი არ გაიცემა მუდმივი მდებარეობა (დაცვის ადგილი) ამჟამინდელი ადგილსამყოფელი თაროზე განთავსების ადგილი შეძენის თარიღი ღირებულება, შესყიდვის ნორმალური ფასი სრული შენახვის შიფრი შტრიხკოდი ბოლო ოპერაციის თარიღი ეგზემპლარის მიმდევრობითი ნომერი (კეტერი?) ფასის ძალაში შესვლის თარიღი ეგზემპლარის სახეობა საჯარო შენიშვნა
          ტექნოლოგიური ფაკულტეტის ბიბლიოთეკა ტექნოლოგიური ფაკულტეტის ბიბლიოთეკა წიგნსაცავი 2018-12-17 1.54 666.98 წ-86 11592 2018-12-17 11592 2018-12-17 წიგნი 1.54 ლ.
          ტექნოლოგიური ფაკულტეტის ბიბლიოთეკა ტექნოლოგიური ფაკულტეტის ბიბლიოთეკა წიგნსაცავი 2018-12-17 1.54 666.98 წ-86 11593 2018-12-17 11593 2018-12-17 წიგნი 1.54 ლ.
          ტექნოლოგიური ფაკულტეტის ბიბლიოთეკა ტექნოლოგიური ფაკულტეტის ბიბლიოთეკა წიგნსაცავი 2018-12-17 1.54 666.98 წ-86 11594 2018-12-17   2018-12-17 წიგნი 1.54 ლ.